[Event "24th 4NCL Congress"]
[Site "Harrogate"]
[Date "2020.01.19"]
[Round "5.22"]
[White "Hall, David G"]
[Black "Harris, John"]
[Result "1/2-1/2"]
[WhiteElo "1722"]
[BlackElo "1556"]
[PlyCount "151"]
[EventDate "2020.01.17"]

1. d4 Nf6 2. Nf3 g6 3. g3 Bg7 4. Bg2 O-O 5. c4 d6 6. Nc3 Nc6 7. O-O Bf5 8. Re1
Ne4 9. a3 Nxc3 10. bxc3 Na5 11. Qa4 c5 12. Bb2 Bd7 13. Qc2 Nxc4 14. e4 cxd4 15.
cxd4 Nxb2 16. Qxb2 Bc6 17. Rac1 d5 18. e5 e6 19. Nd2 Qd7 20. Nb3 b6 21. Bf1 a5
22. Nd2 Rfb8 23. Rc3 b5 24. Rec1 Rb6 25. Kg2 b4 26. axb4 Bf8 27. Rxc6 Rxc6 28.
Bb5 Rc2 29. Qxc2 Qxb5 30. bxa5 Rxa5 31. Qc7 Ra2 32. Nf3 Qe2 33. Rf1 Bh6 34.
Qd8+ Bf8 35. Qd7 h6 36. h4 Ra3 37. Ng1 Qe4+ 38. Kh2 Qxd4 39. Qc7 Ra2 40. Nh3
Qd3 41. Rc1 Qf3 42. Rc3 Qe4 43. Rc1 Qd4 44. Rb1 Rb2 45. Rc1 Qe4 46. Ra1 Rb1 47.
Rxb1 Qxb1 48. Kg2 Qe4+ 49. Kf1 Bg7 50. h5 Qh1+ 51. Ng1 Qxh5 52. Qd8+ Kh7 53. f4
Qf5 54. Nf3 g5 55. Nd4 Qd3+ 56. Ne2 gxf4 57. gxf4 Qf5 58. Kg2 Qg4+ 59. Kf2 Qf5
60. Kg3 Qg6+ 61. Kf3 f6 62. exf6 Bxf6 63. Qd7+ Bg7 64. Ng3 h5 65. Ne2 h4 66.
Qe7 Qf6 67. Qe8 e5 68. Qh5+ Qh6 69. Qg4 e4+ 70. Ke3 h3 71. Qf5+ Kh8 72. Qxd5 h2
73. Ng3 h1=Q 74. Nxh1 Qxh1 75. Qxe4 Qg1+ 76. Kf3 1/2-1/2

[Event "24th 4NCL Congress"]
[Site "Harrogate"]
[Date "2020.01.19"]
[Round "5.23"]
[White "Tarbuck, Laurence Jm"]
[Black "Pal, Rohan"]
[Result "1/2-1/2"]
[WhiteElo "1713"]
[BlackElo "1496"]
[PlyCount "63"]
[EventDate "2020.01.17"]

1. d4 d5 2. Bg5 Nf6 3. Nf3 e6 4. e3 Be7 5. Bd3 O-O 6. c3 Ne4 7. Bxe7 Qxe7 8.
Bxe4 dxe4 9. Nfd2 f5 10. Na3 e5 11. Qb3+ Kh8 12. d5 c6 13. c4 cxd5 14. cxd5 b6
15. Nb5 Na6 16. d6 Qe6 17. Qxe6 Bxe6 18. Rc1 Rfd8 19. O-O Bd7 20. Nc7 Nxc7 21.
dxc7 Re8 22. Nc4 Be6 23. Nd6 Rf8 24. Rfd1 h6 25. Rd2 Kh7 26. Rdc2 Bc8 27. Rd2
Be6 28. b3 Kg8 29. Rcd1 Kh7 30. Rc1 Kg8 31. Rdc2 Bc8 32. Kh1 1/2-1/2

[Event "24th 4NCL Congress"]
[Site "Harrogate"]
[Date "2020.01.19"]
[Round "5.24"]
[White "Teague, David"]
[Black "Sandhu, Manvith"]
[Result "1/2-1/2"]
[WhiteElo "1614"]
[BlackElo "1747"]
[PlyCount "73"]
[EventDate "2020.01.17"]

1. e4 Nc6 2. d3 Nf6 3. Nd2 e5 4. Ngf3 Bc5 5. Nc4 d6 6. c3 O-O 7. b4 Bb6 8. Nxb6
axb6 9. Bg5 h6 10. b5 hxg5 11. bxc6 bxc6 12. Nxg5 Nh7 13. Nf3 Bg4 14. h3 Bxf3
15. Qxf3 d5 16. Be2 dxe4 17. Qxe4 Qd5 18. Bf3 Rxa2 19. Rxa2 Qxa2 20. O-O Ng5
21. Qxc6 Nxf3+ 22. Qxf3 Qe6 23. Ra1 Qd6 24. Ra4 Rd8 25. d4 exd4 26. Rxd4 Qe7
27. Rc4 Qe1+ 28. Kh2 Qe5+ 29. Kg1 c5 30. Ra4 b5 31. Ra7 Qe6 32. Rb7 b4 33. cxb4
cxb4 34. Kh2 Qd6+ 35. g3 Rd7 36. Rxd7 Qxd7 37. Qa8+ 1/2-1/2

[Event "24th 4NCL Congress"]
[Site "Harrogate"]
[Date "2020.01.19"]
[Round "5.25"]
[White "Tait, Bill"]
[Black "Jayawarna, Tarini"]
[Result "1/2-1/2"]
[WhiteElo "1710"]
[BlackElo "1564"]
[PlyCount "55"]
[EventDate "2020.01.17"]

1. e4 e6 2. d4 d5 3. exd5 exd5 4. Bd3 Nf6 5. Ne2 c5 6. c3 c4 7. Bc2 Nc6 8. Bf4
Be7 9. O-O O-O 10. Nd2 Re8 11. Ng3 Bf8 12. Re1 b5 13. h3 a5 14. a3 Ra7 15. Bg5
Rae7 16. Rxe7 Bxe7 17. Nf3 h6 18. Be3 Qc7 19. Qd2 Bf8 20. Re1 b4 21. axb4 axb4
22. Ba4 bxc3 23. bxc3 Bd7 24. Bxc6 Qxc6 25. Ne5 Qb7 26. Nxd7 Qxd7 27. Rb1 Ra8
28. Qc2 1/2-1/2

[Event "24th 4NCL Congress"]
[Site "Harrogate"]
[Date "2020.01.19"]
[Round "5.26"]
[White "Taylor, Robert P"]
[Black "English, Andrew Jp"]
[Result "1-0"]
[WhiteElo "1689"]
[BlackElo "1450"]
[PlyCount "45"]
[EventDate "2020.01.17"]

1. d4 Nf6 2. Bg5 Ne4 3. Bf4 d6 4. f3 Nf6 5. e4 Nbd7 6. Nc3 e5 7. dxe5 dxe5 8.
Be3 Bb4 9. Nge2 O-O 10. g4 Bc5 11. Qd2 Bxe3 12. Qxe3 Nb6 13. Ng3 Be6 14. g5
Nfd7 15. O-O-O Nc4 16. Bxc4 Bxc4 17. h4 Qe7 18. Nf5 Qe6 19. Kb1 f6 20. b3 Nb6
21. Qc5 Ba6 22. Qxc7 Rae8 23. Qxg7# 1-0